| 000 -LEADER |
| fixed length control field |
01976nam a22001577a 4500 |
| 008 - FIXED-LENGTH DATA ELEMENTS--GENERAL INFORMATION |
| fixed length control field |
230501b ||||| |||| 00| 0 eng d |
| 100 ## - MAIN ENTRY--PERSONAL NAME |
| Personal name |
Bhattacharyya, S.S., Sahay, A. and Sahay, A. |
| 245 ## - TITLE STATEMENT |
| Title |
The quest for competitive advantage: The role of technology depth and breadth at the customer interface |
| 260 ## - PUBLICATION, DISTRIBUTION, ETC. (IMPRINT) |
| Place of publication, distribution, etc |
Vikalpa: The Journal for Decision Makers |
| 300 ## - PHYSICAL DESCRIPTION |
| Extent |
47(4), Oct-Dec, 2022: p.274-287 |
| 520 ## - SUMMARY, ETC. |
| Summary, etc |
Technology is becoming pivotal for firms while interacting with customers. While extensive research exists on how deployment of firm resources, such as technology, leads to competitive advantage (CA), research on the interaction between technology-led firm capabilities deployed at firm customer interaction and CA is limited. We theorize regarding a more effective approach to manage technology by looking at the effects of firm technology resource and capability deployment by a firm in the context of managing different dimensions of TRU at the firm–customer interface. We do so by considering two firm capabilities, namely, technology resource breadth utilization (TRBU) and technology resource depth utilization (TRDU). We use low involvement purchase (LIP) customer purchase context during three customer purchase stages, namely, pre-purchase, purchase and post-purchase to provide structure to the logic. We then build arguments on the relationship between the level of deployment of TRDU and TRBU and attainment of CA under different conditions. We propose testable propositions between TRBU and TRDU levels with CA attained and posit different kinds of relationship like positive, negative and inverted U-shaped relationships having inflexion points to contribute to the theorization in this area. – Reproduced |
| 650 ## - SUBJECT ADDED ENTRY--TOPICAL TERM |
| Topical term or geographic name as entry element |
Firm customer interface, Technology capability utilization, Competitive advantage, Purchase stages. |
| 9 (RLIN) |
38075 |
| 773 ## - HOST ITEM ENTRY |
| Main entry heading |
Vikalpa: The Journal for Decision Makers |
| 906 ## - LOCAL DATA ELEMENT F, LDF (RLIN) |
| Subject DIP |
CONSUMPTION |
| 942 ## - ADDED ENTRY ELEMENTS (KOHA) |
| Item type |
Articles |